| 000 | 01246cam a2200325 a 4500 | ||
|---|---|---|---|
| 005 | 20260322212024.0 | ||
| 008 | data | ||
| 010 | _a 91050272 | ||
| 020 |
_a0446515078 : _c{dollar}24.95 ({dollar}29.95 Can.) |
||
| 020 |
_a9780446515078 : _c{dollar}24.95 ({dollar}29.95 Can.) |
||
| 040 |
_aDLC _cDLC _dDLC _dOCoLC _dDLC |
||
| 043 | _ae-ie--- | ||
| 050 | 0 | 0 |
_aPS3568.I597 _bS27 1991 |
| 082 | 0 | 0 |
_a813/.54 _220 |
| 100 | 1 | _aRipley, Alexandra. | |
| 245 | 1 | 0 |
_aScarlett : _bthe sequel to Margaret Mitchell's Gone with the wind / _cAlexandra Ripley & Margaret Mitchell. |
| 260 |
_aNew York, NY : _bWarner Books, _c1991. |
||
| 300 |
_a823 p. ; _c24 cm. |
||
| 650 | 0 |
_aO'Hara, Scarlett (Fictitious character) _xFiction. |
|
| 650 | 0 |
_aAmericans _zIreland _xFiction. |
|
| 650 | 0 |
_aIrish American women _xFiction. |
|
| 651 | 0 |
_aIreland _xFiction. |
|
| 655 | 7 |
_aHistorical fiction. _2gsafd |
|
| 655 | 7 |
_aLove stories. _2gsafd |
|
| 700 | 1 |
_aMitchell, Margaret, _d1900-1949. _tGone with the wind. |
|
| 906 |
_a7 _bcbc _corignew _d1 _eocip _f19 _gy-gencatlg |
||
| 991 |
_bc-GenColl _hPS3568.I597 _iS27 1991 _p00019940317 _tCopy 1 _wBOOKS |
||
| 001 | data | ||
| 999 |
_c553 _d553 |
||